| 000 | 00619nam a2200193 i 4500 | ||
|---|---|---|---|
| 001 | 66407 | ||
| 003 | ES-MaACL | ||
| 005 | 20240125164727.0 | ||
| 007 | t| | ||
| 008 | 040213s2001 ag ||||1| spa d | ||
| 020 | _a950-786-305-2 | ||
| 100 | 1 |
_aShore, Eduardo. _9106151 |
|
| 245 | 1 | 0 |
_aEntender a Kant _b: la cosa en sí en la "Crítica de la razón pura" / _cEduardo Shore. |
| 260 |
_aBuenos Aires : _bBiblos, _cimp. 2001. |
||
| 300 |
_a248 p. ; _c23 cm. |
||
| 600 | 1 | 4 |
_aKant, Immanuel, _d1724-1804- _xCrítica e interpretación _967497 |
| 852 |
_aES-MaACL _jL-26810 _bR.132403 |
||
| 999 |
_c66407 _d66407 |
||